000 00705nam a2200217 a 4500
005 20140310183221.0
008 030909s19uu xx 00 eng d
020 _a0071124187
050 _aRC 454
_b.H334 2003
100 _aHalgin, Richard P.
245 _aAbnormal psychology :
_bclinical perspectives on psychological disorders /
_cRichard P. Halgin.
250 _a4th ed.
260 _aBoston :
_bMcGraw-Hill,
_c2003.
300 _a564 p. :
_bill. (col.) ;
_c28cm.
500 _aIncludes bibliographical references and index w/ CD-ROM
521 _aPSYCH
650 _aPsychology, Pathological
650 _aMental illness
942 _cBK
_2lcc
_kFOR
999 _c20334
_d20334